000 00570nam a2200181Ia 4500
008 090124s9999 xx 000 0 und d
082 _b35851
100 _aभसे पोपटराव
245 _a हाय सोसायटी
250 _a1
260 _b"शांती पब्लिकेशन्स, पुणे"
_c1999
300 _a208
600 _aभसे पोपटराव
630 _a हाय सोसायटी
700 _aभसे पोपटराव
730 _a हाय सोसायटी
942 _cBOOK
999 _c101799
_d101799